000 01086nam0a22002891 4500
001 rc\4019554
005 20250611060757.0
021 _aRU
_b[51-2620]
035 _a(NLR Aleph) 008085540
090 _a9151224
_c9151224
100 _a20130415d1950 |||y0rusy50 ca
101 0 _arus
102 _aRU
105 _ay ag |||||
200 1 _aБуро-взрывные работы в горной промышленности
_eБиблиогр. справочник. 1918-1950 гг.
_fСост. Б.Г. Кубалов
210 _aМосква
_cУглетехиздат
_d1950
215 _a184 с.
_d21
300 _aНа переплете сост. не указан
606 _aБурение шпуров
_jБиблиография
_2psbo
606 _aБурение
_jБиблиография
_2psbo
606 _aВзрывные работы
_jБиблиография
_2psbo
700 1 _aКубалов
_bБ.Г.
_gБорис Георгиевич
_4220
801 0 _aRU
_bNLR
_gpsbo
801 1 _aRU
_bELAR
_2rusmarc
852 _aNLR
_jС335-420/К-88
942 _cBOOK
980 _aNB